000 00818cam a22002533a 4500
001 4685
003 PGUSA
005 20140828083103.0
008 031101s2003||||xxu|||||s|||||000 | eng d
040 _aPGUSA
_beng
042 _adc
050 4 _aDJK
100 1 _aVaknin, Samuel,
_d1961-
245 1 0 _aAfter the Rain :
_bhow the West lost the East
_h[electronic resource] /
_cSamuel Vaknin
260 _bProject Gutenberg,
_c2003
506 _aCopyrighted. Read the copyright notice inside this book for details.
516 _aElectronic text
653 _aEurope, Eastern -- Politics and government -- 1989-
653 _aEurope, Eastern -- Economic conditions -- 1989-
700 1 _aRangelovska, Lidija
830 0 _aProject Gutenberg
_v4685
856 4 0 _uhttp://www.gutenberg.org/ebooks/4685
942 _cEB
999 _c234014
_d234014